Think Tank (Record no. 84064)

MARC details
000 -LEADER
fixed length control field 00964cab a22002055a 4500
001 - CONTROL NUMBER
control field L156538
008 - FIXED-LENGTH DATA ELEMENTS--GENERAL INFORMATION
fixed length control field 120606e2012 xxk 000 0 eng d
035 ## - SYSTEM CONTROL NUMBER
System control number (Sirsi) u156538
041 0# - LANGUAGE CODE
Language code of text/sound track or separate title eng
110 2# - MAIN ENTRY--CORPORATE NAME
Corporate name or jurisdiction name as entry element FM World
9 (RLIN) 5643
245 00 - TITLE STATEMENT
Title Think Tank
Remainder of title total FM sceptics abound
Medium [electronic resource]
260 ## - PUBLICATION, DISTRIBUTION, ETC.
Date of publication, distribution, etc. 2012
490 #0 - SERIES STATEMENT
Series statement FM World Online
Volume/sequential designation 30 May 2012
520 ## - SUMMARY, ETC.
Summary, etc. Whitehall and large total facilities management (TFM) providers may be confident that TFM has a continuingly bright future but a large percentage of facilities managers (FMs) are sceptical. Six out of 10 respondents to the latest Think Tank Poll believe that there will be fewer and not more TFM deals done in the coming years than in the past.
590 ## - LOCAL NOTE (RLIN)
Local note KA
651 #4 - SUBJECT ADDED ENTRY--GEOGRAPHIC NAME
Geographic name United Kingdom
690 ## - LOCAL SUBJECT ADDED ENTRY--TOPICAL TERM (OCLC, RLIN)
Topical term or geographic name as entry element Facilities management
9 (RLIN) 6240
856 40 - ELECTRONIC LOCATION AND ACCESS
Uniform Resource Identifier <a href="https://www.fm-world.co.uk/news/fm-industry-news/think-tank-tfm-sceptics-abound">https://www.fm-world.co.uk/news/fm-industry-news/think-tank-tfm-sceptics-abound</a>
Public note View the article at www.fm-world.co.uk
942 ## - ADDED ENTRY ELEMENTS (KOHA)
Suppress in OPAC 0
Holdings
Withdrawn status Lost status Source of classification or shelving scheme Damaged status Not for loan Home library Current library Shelving location Date acquired Total Checkouts Full call number Barcode Date last seen Copy number Price effective from Koha item type
    Dewey Decimal Classification     Virtual Virtual Online 03/06/2012   ONLINE PUBLICATION 156538-2001 06/08/2019 1 06/08/2019 Journal article